000 00279nam a22000977a 4500
999 _c356226
_d356226
082 _a519.9SER
245 _aIntroduction to Statistical Theory Part -I
_cChaudhry Shr Muhammad
260 _aLahore
_bIlmi Kitab Khana
942 _2ddc